Rozšírenie nákazlivých chorôb včiel vo svete

Bibliographic Details
Main Author: Jendreják, Rudolf, 1941- (Author)
Format: Article
Language:Slovak
PhysicalDescription:Tab. 1
ISSN:0139-6064
Subjects:

MARC

LEADER 00000nab a2200000 a 4500
001 vtls000537098
003 SK-MaSNL
005 20260304100348.0
008 250425c1994 xo 0 slo
015 |a SNBRB19rr/mm-uuuuu 
035 |a CL0537236 
035 |a urn:nbn:sk:snk-abdp26 
035 |a (urnnbn)urn:nbn:sk:snk:ar-003gjh 
035 |a (uuid)3a80faaf-582e-465f-9b60-c4a5c6bea6a6 
040 |a SNKBUCL  |b slo  |c SNKBUCL  |e AACR2 
041 0 |a slo 
044 |a xo  |c SK 
080 |a 638.152:619  |2 1981 
080 |a 619  |2 1981 
100 1 |a Jendreják, Rudolf,  |d 1941-  |4 aut  |9 49156 
245 1 0 |a Rozšírenie nákazlivých chorôb včiel vo svete  |c Rudolf Jendreják 
300 |b Tab. 1 
650 0 7 |a včela medonosná  |2 snkbucl  |9 25170 
650 0 7 |a choroby zvierat nákazlivé  |2 snkbucl  |9 1245310 
655 7 |a články z novín a časopisov  |2 snkbucl  |9 267496 
773 0 |t Včelár  |g Roč. 68, č. 12 (1994), s. 188-189  |x 0139-6064 
850 |a Slovenská národná knižnica 
852 |a Slovenská národná knižnica 
954 |a odborná, vedecká literatúra pôvodná (slovenská)  |2 lita 
958 |a article19 
958 |a OND 
958 |a RK 
958 |a MI 
958 |a EUIPO 
992 |a RBX 
999 |c 2837608  |d 2839538